Die am häufigsten vorkommenden Vornamen in Anime - Statistiken

Allgemein
  • Dieses Quiz wurde 310 mal gespielt
  • Das Durchschnittsergebnis liegt bei 6 aus 79
Antwortstatistiken
Name % Korrekt
Hinata
53%
Sakura
45%
Rin
36%
Sasuke
31%
Yuki/Yuuki
28%
Mika
21%
Haru
17%
Yuri
16%
Ai
15%
Yuu
15%
Nana
13%
Yui
13%
Hana
12%
Mai
12%
Mei
11%
Nagisa
11%
Anna
10%
Aoi
10%
Lucy
10%
Momo
10%
Shiro
10%
Yuji
10%
Aya
9%
Sora
9%
Akane
8%
Jun
8%
Kanna
8%
Misaki
8%
Haruka
7%
Hiro
7%
Rika/Rikka
6%
Emi
5%
Kyoko
5%
Maria
5%
Mio
5%
Niko/Nico
5%
Ayumi
4%
Karen
4%
Maya/Maaya
4%
Midori
4%
Sara
4%
Yoko
4%
Alice
3%
Hikari
3%
Kaede
3%
Kaori
3%
Riko
3%
Ryuji
3%
Satoshi
3%
Shinobu
3%
Takeshi
3%
Tohru
3%
Aiko
2%
Ayano
2%
Emilia
2%
Erika
2%
Mami
2%
Noel
2%
Risa
2%
Ryoko
2%
Saya
2%
Sophie
2%
Umi
2%
Yuuta
2%
Azusa
1%
Chizuru
1%
Hibiki
1%
Honoka
1%
Ibuki
1%
Kazumi
1%
Kotori
1%
Sanae
1%
Tomoko
1%
Tooka
1%
Yuuka
1%
Haruna
0%
Mahou
0%
Riki
0%
Touma
0%
Keine übereinstimmenden Quizze gefunden
Verteilung der Resultate
Anzahl Personen mit jedem Resultat
Perzentil nach korrekt beantworteten Fragen
Ihre Resultats-Entwicklung
Sie haben dieses Quiz noch nicht gespielt